书目信息 |
| 题名: |
基于服务失败负溢出效应的OTA平台生态圈服务补救效果影响机制研究
|
|
| 作者: | 韦家华 著 | |
| 分册: | ||
| 出版信息: | 北京 经济管理出版社 2024.09 |
|
| 页数: | 155页 | |
| 开本: | 24cm | |
| 丛书名: | ||
| 单 册: | ||
| 中图分类: | F590.6-39 | |
| 科图分类: | ||
| 主题词: | 旅游业--电子商务--研究 | |
| 电子资源: | ||
| ISBN: | 978-7-5096-9779-5 | |
| 000 | 01657nam0 2200277 450 | |
| 001 | 01053804 | |
| 005 | 20251022181311.44 | |
| 010 | @a978-7-5096-9779-5@dCNY88.00 | |
| 100 | @a20241011d2024 em y0chiy0120 ea | |
| 101 | 0 | @achi |
| 102 | @aCN@b110000 | |
| 105 | @aa az 000yy | |
| 106 | @ar | |
| 200 | 1 | @a基于服务失败负溢出效应的OTA平台生态圈服务补救效果影响机制研究@9ji yu fu wu shi bai fu yi chu xiao ying de OTA ping tai sheng tai quan fu wu bu jiu xiao guo ying xiang ji zhi yan jiu@dResearch on the impact mechanism of service recovery effect in ota platform ecosystem based on negative spillover effect of service failure@f韦家华著@zeng |
| 210 | @a北京@c经济管理出版社@d2024.09 | |
| 215 | @a155页@c图@d24cm | |
| 300 | @a国家自然科学基金地区项目“负溢出效应视角下的OTA平台生态圈服务失败和服务补救研究”(项目编号:72262009) | |
| 314 | @a韦家华,广西荔浦人,毕业于西南交通大学管理科学与工程专业,管理学博士,教授,硕士生导师。研究方向为消费心理学、服务管理等。 | |
| 320 | @a有书目 (第131-155页) | |
| 330 | @a本书的6章内容从整体来看是相互补充的关系,形成了一个理论体系,但每章在研究设计上是独立的,可分别被视为该书的6个子研究。该书有利于从心理视角更好地探讨和解释OTA平台生态圈服务补救效果的影响机制,为提高OTA和服务供应商的服务补救效果提供了一个理论视角,促进OTA平台生态圈商业模式健康发展,提高在线旅游服务质量。 | |
| 510 | 1 | @aResearch on the impact mechanism of service recovery effect in ota platform ecosystem based on negative spillover effect of service failure@zeng |
| 606 | 0 | @a旅游业@x电子商务@x研究 |
| 690 | @aF590.6-39@v5 | |
| 701 | 0 | @a韦家华@9wei jia hua@4著 |
| 801 | 0 | @aCN@c20250910 |
| 905 | @a河南城建学院图书馆@dF590@eW513@ZW513@f1 | |
| 基于服务失败负溢出效应的OTA平台生态圈服务补救效果影响机制研究=Research on the impact mechanism of service recovery effect in ota platform ecosystem based on negative spillover effect of service failure/韦家华著.-北京:经济管理出版社,2024.09 |
| 155页:图;24cm |
| 国家自然科学基金地区项目“负溢出效应视角下的OTA平台生态圈服务失败和服务补救研究”(项目编号:72262009) |
| ISBN 978-7-5096-9779-5:CNY88.00 |
| 本书的6章内容从整体来看是相互补充的关系,形成了一个理论体系,但每章在研究设计上是独立的,可分别被视为该书的6个子研究。该书有利于从心理视角更好地探讨和解释OTA平台生态圈服务补救效果的影响机制,为提高OTA和服务供应商的服务补救效果提供了一个理论视角,促进OTA平台生态圈商业模式健康发展,提高在线旅游服务质量。 |
| ● |
| 相关链接 |
|
|
|
正题名:基于服务失败负溢出效应的OTA平台生态圈服
索取号:F590/W513
 
预约/预借
| 序号 | 登录号 | 条形码 | 馆藏地/架位号 | 状态 | 备注 |
| 1 | 1634324 | 216343240 | 社科库409/409社科库 38排5列4层/ [索取号:F590/W513] | 在馆 |